Datum a čas kvízu
27.5
Celkem bodů
Celkový počet nahraných bodů na tomto kvízu bez doplňovacích otázek.
3.
Pořadí na kvízu
Konečné umístění týmu na tomto kvízu.
Zaznamenané odpovědi
| # | Otázka | Odpověď | Body | Výsledky |
|---|---|---|---|---|
| 1. | Tenisovým rekordmanem v počtu... | B | 1 | |
| 2. | V roce 2025 padl v NHL jeden z... | New York Islanders | 1 | |
| 3. | 42 let a 11 měsíců. To je hodn... | Marek Matějovský | 1 | |
| 4. | Pokud se podíváme do tabulky s... | Jan Železný, Jarmila Kratochvílová, Barbora Špotáková | 1 | |
| 5. | Úvodní téma uzavřeme ve světě... | Kalle Rovanperä, Sébastien Loeb | 0.5 | |
| 6. | Ne snad že by byli vyloženými... | Jakub Jurka | 1 | |
| 7. | V tomto tématu nelze opomenout... | Dán, Ital | 1 | |
| 8. | Bronzová medaile reprezentace... | 2023, Finsko | 0 | |
| 9. | Tento nenasazený hráč, který s... | Goran Ivanišević; Chorvatsko | 0.5 | |
| 10. | Kterému sportu se profesionáln... | rychlobruslení (short track) | 0 |